Excellent isn't good enough (Record no. 80002)
[ view plain ]
| 000 -LEADER | |
|---|---|
| fixed length control field | 01060cab a22002055a 4500 |
| 001 - CONTROL NUMBER | |
| control field | L142994 |
| 008 - FIXED-LENGTH DATA ELEMENTS--GENERAL INFORMATION | |
| fixed length control field | 080401e20080314xxk f 000 0 eng d |
| 035 ## - SYSTEM CONTROL NUMBER | |
| System control number | (Sirsi) u142994 |
| 041 0# - LANGUAGE CODE | |
| Language code of text/sound track or separate title | eng |
| 100 1# - MAIN ENTRY--PERSONAL NAME | |
| Personal name | Kennett, Stephen |
| 245 00 - TITLE STATEMENT | |
| Title | Excellent isn't good enough |
| 260 ## - PUBLICATION, DISTRIBUTION, ETC. | |
| Date of publication, distribution, etc. | 2008 |
| 490 #0 - SERIES STATEMENT | |
| Series statement | Building |
| Volume/sequential designation | 273(8519) 14 March 2008, 28-29(2) |
| 520 ## - SUMMARY, ETC. | |
| Summary, etc. | Discusses plans to overhaul the environmental assessment method, BREEAM. The current system is thought to be too weak, with excellence ratings given out too readily and strangely weighted rating criteria. To address these problems, the new BREEAM will introduce minimum requirements for energy and water consumption, post-construction certification, an outstanding category, rewards for environmental innovations, and minimum requirements for materials selection. The changes to BREEAM will be launched in May and will come into force in August. |
| 590 ## - LOCAL NOTE (RLIN) | |
| Local note | KA |
| 650 24 - SUBJECT ADDED ENTRY--TOPICAL TERM | |
| Topical term or geographic name entry element | BREEAM RATING |
| 651 #4 - SUBJECT ADDED ENTRY--GEOGRAPHIC NAME | |
| Geographic name | United Kingdom |
| Chronological subdivision | |
| 690 ## - LOCAL SUBJECT ADDED ENTRY--TOPICAL TERM (OCLC, RLIN) | |
| Topical term or geographic name as entry element | BUILT ENVIRONMENT-SUSTAINABLE CONSTRUCTION |
| 942 ## - ADDED ENTRY ELEMENTS (KOHA) | |
| Suppress in OPAC | 0 |
| Withdrawn status | Lost status | Source of classification or shelving scheme | Damaged status | Not for loan | Home library | Current library | Shelving location | Date acquired | Total Checkouts | Full call number | Barcode | Date last seen | Copy number | Price effective from | Koha item type |
|---|---|---|---|---|---|---|---|---|---|---|---|---|---|---|---|
| Dewey Decimal Classification | London | London | Journal article | 01/04/2008 | L142994 | 142994-1001 | 06/08/2019 | 1 | 06/08/2019 | Journal article |